| 000 | 00856nam a2200229 a 4500 | ||
|---|---|---|---|
| 001 | 44685 | ||
| 003 | BD-RjUL | ||
| 005 | 20211209053912.0 | ||
| 008 | 160719s1976 bg |||| ||| 000 0 ben d | ||
| 020 | _c: Tk 30.00 | ||
| 035 | _a(BD-RjUL)44803 | ||
| 040 |
_aBD-RjUL _bben _cBD-RjUL |
||
| 041 | _aben | ||
| 082 |
_223 _a954.92 _bRAB 1976 |
||
| 100 | 1 | 0 |
_aরহিম, মুহম্মদ আবদুর _9117210 |
| 245 | 1 | 0 |
_aবালার মুসলমানদের ইতিহাস : _b১৭৫৭-১৯৪৭ _cমুহম্মদ আবদুর রহিম |
| 260 |
_aঢাকা : _bনূরজাহান রহিম, _c১৯৭৬ |
||
| 300 |
_a[৪] ৩৩২ পৃ. ; _c২০ সেমি. |
||
| 650 |
_aবাংলাদেশ _vইতিহাস _9137036 |
||
| 650 |
_aBangladesh _vHistory _9137037 |
||
| 942 |
_2ddc _cBK |
||
| 999 |
_c44685 _d44685 |
||